00000000nam 2200000zi 4500
0019.928683
003CaOODSP
00520250130154041
006m     o  d f      
007cr |n|||||||||
008230123s1989    onc     ob   f|0| 0 eng d
040 |aCaOODSP|beng|erda|cCaOODSP
041 |aeng|beng|bfre
043 |an-cn---
0861 |aEn37-641/1989E-PDF
24500|aCanadian Environmental Protection Act : |bPriority Substances Science Forum, held at the Canada Centre for Inland Waters, Burlington, Ontario, February 22-23, 1989 : a forum report / |cprepared by the Rawson Academy of Aquatic Science.
264 1|aOttawa, Ontario : |bEnvironment Canada = Environnement Canada, |bHealth and Welfare Canada = Santé et Bien-être social Canada, |c[1989]
300 |a1 online resource (iv, 137 pages)
336 |atext|btxt|2rdacontent
337 |acomputer|bc|2rdamedia
338 |aonline resource|bcr|2rdacarrier
500 |aDigitized edition from print [produced by Environment and Climate Change Canada].
504 |aIncludes bibliographical references.
546 |aIncludes summary in French.
650 0|aHazardous substances|xLaw and Legislation|zCanada|vCongresses.
650 0|aPollutants|xLaw and legislation|zCanada|vCongresses.
650 6|aSubstances dangereuses|xDroit|zCanada|vCongrès.
650 6|aPolluants|xDroit|zCanada|vCongrès.
655 7|aConference papers and proceedings|2lcgft
655 7|aActes de congrès|2rvmgf
7101 |aCanada. |bEnvironment Canada, |eissuing body.
7101 |aCanada. |bHealth and Welfare Canada, |eissuing body.
7102 |aRawson Academy of Aquatic Science.
85640|qPDF|s5.99 MB|uhttps://publications.gc.ca/collections/collection_2025/eccc/en37/En37-641-1989-eng.pdf